Exchange Rate Regime Transitions /

The 'hollowing-out,' or 'two poles' hypothesis is tested in the context of a Markov chain model of exchange rate transitions. In particular, two versions of the hypothesis-that hard pegs are an absorbing state, or that fixes and floats form a closed set, with no transitions to in...

Повний опис

Бібліографічні деталі
Автор: Masson, Paul
Формат: Журнал
Мова:English
Опубліковано: Washington, D.C. : International Monetary Fund, 2000.
Серія:IMF Working Papers; Working Paper ; No. 2000/134
Онлайн доступ:Full text available on IMF
LEADER 01609cas a2200241 a 4500
001 AALejournalIMF001307
008 230101c9999 xx r poo 0 0eng d
020 |c 5.00 USD 
020 |z 9781451855593 
022 |a 1018-5941 
040 |a BD-DhAAL  |c BD-DhAAL 
100 1 |a Masson, Paul. 
245 1 0 |a Exchange Rate Regime Transitions /  |c Paul Masson. 
264 1 |a Washington, D.C. :  |b International Monetary Fund,  |c 2000. 
300 |a 1 online resource (17 pages) 
490 1 |a IMF Working Papers 
500 |a <strong>Off-Campus Access:</strong> No User ID or Password Required 
500 |a <strong>On-Campus Access:</strong> No User ID or Password Required 
506 |a Electronic access restricted to authorized BRAC University faculty, staff and students 
520 3 |a The 'hollowing-out,' or 'two poles' hypothesis is tested in the context of a Markov chain model of exchange rate transitions. In particular, two versions of the hypothesis-that hard pegs are an absorbing state, or that fixes and floats form a closed set, with no transitions to intermediate regimes-are tested using two alternative classifications of regimes. While there is some support for the lack of exits from hard pegs (i.e., that they are an absorbing state), the data generally indicate that the intermediate cases will continue to constitute a sizable proportion of actual exchange rate regimes. 
538 |a Mode of access: Internet 
830 0 |a IMF Working Papers; Working Paper ;  |v No. 2000/134 
856 4 0 |z Full text available on IMF  |u http://elibrary.imf.org/view/journals/001/2000/134/001.2000.issue-134-en.xml  |z IMF e-Library